000 00643nam a2200181 i 4500
001 78759
003 ES-MaACL
005 20230906173814.0
007 t|
008 041015s1973 sp ||||1| spa d
100 1 _aHall, Edward Twitchell.
_961561
245 1 3 _aLa dimensión oculta
_b: enfoque antropológico del uso del espacio /
_cpor Edward T. Hall ; traducción, Joaquín Hernández Orozco.
260 _aMadrid :
_bInstituto de Estudios de Administración Local,
_c1973.
300 _a312 p. ;
_c22 cm.
700 1 _aHernández Orozco, Joaquín.
_963007
852 _aES-MaACL
_jC-52348
_bR.85887
852 _aES-MaACL
_jL-156
_bR.100778
999 _c78759
_d78759